Loading...
| Literature - American | 0 | 9 | 0 | 1 | 90 | 67 | 101.33 | 5 | 8 | 22.84 | 66.67 |
| Literature - European | 0 | 8 | 0 | 0 | 80 | 50 | 104.63 | 3 | 7 | 18.52 | 56.06 |
| Mythology | 0 | 7 | 2 | 1 | 60 | 93 | 104.00 | 1 | 5 | 13.80 | 40.91 |
| Literature - World | 0 | 7 | 2 | 0 | 60 | 60 | 105.43 | 1 | 5 | 14.60 | 40.91 |
| Philosophy | 0 | 6 | 1 | 1 | 55 | 56 | 110.50 | 1 | 5 | 9.46 | 33.33 |
| Literature - British | 0 | 6 | 1 | 0 | 55 | 48 | 116.50 | 2 | 6 | 8.43 | 37.88 |
| Social Science | 0 | 5 | 1 | 1 | 45 | 93 | 106.40 | 0 | 3 | 6.06 | 22.73 |
| Science - Chemistry | 0 | 5 | 1 | 0 | 45 | 113 | 117.60 | 2 | 4 | 1.76 | 33.33 |
| Science - Physics | 0 | 4 | 0 | 1 | 40 | 115 | 122.25 | 0 | 2 | -0.17 | 13.64 |
| History - American | 0 | 3 | 0 | 1 | 30 | 88 | 106.67 | 0 | 1 | 4.00 | 12.12 |
| Religion | 0 | 2 | 0 | 0 | 20 | 89 | 102.50 | 1 | 1 | 4.76 | 12.12 |
| Fine Arts - Classical Music | 0 | 2 | 0 | 0 | 20 | 124 | 126.00 | 0 | 2 | 0.66 | 12.12 |
| History - Other | 0 | 1 | 0 | 0 | 10 | 121 | 121.00 | 0 | 0 | 0.94 | 4.55 |
| Fine Arts - Painting and Sculpture | 0 | 1 | 0 | 0 | 10 | 127 | 127.00 | 0 | 1 | 0.66 | 7.58 |
| Science - Other | 0 | 2 | 2 | 1 | 10 | 86 | 106.50 | 0 | 2 | 2.52 | 10.61 |
| History - European | 0 | 1 | 0 | 0 | 10 | 133 | 133.00 | 0 | 0 | 0.07 | 1.52 |
| Fine Arts - Other | 0 | 1 | 1 | 0 | 5 | 113 | 113.00 | 0 | 0 | 1.42 | 4.55 |